<?xml version="1.0" encoding="UTF-8"?>
<record
    xmlns:xsi="http://www.w3.org/2001/XMLSchema-instance"
    xsi:schemaLocation="http://www.loc.gov/MARC21/slim http://www.loc.gov/standards/marcxml/schema/MARC21slim.xsd"
    xmlns="http://www.loc.gov/MARC21/slim">

  <leader>02127agaaa2200337   4500</leader>
  <controlfield tag="001">9426</controlfield>
  <controlfield tag="003">IT-RoPAU</controlfield>
  <controlfield tag="005">20220918181247.0</controlfield>
  <controlfield tag="007">d cvaizq</controlfield>
  <controlfield tag="008">50131s9999||||xx ||| |     ||   ||und||</controlfield>
  <datafield tag="040" ind1=" " ind2=" ">
    <subfield code="a">IT-RoPAU</subfield>
    <subfield code="c">IT-RoPAU</subfield>
  </datafield>
  <datafield tag="041" ind1=" " ind2=" ">
    <subfield code="a">ITALIANO</subfield>
  </datafield>
  <datafield tag="100" ind1=" " ind2=" ">
    <subfield code="a">Mann Anthony</subfield>
    <subfield code="g">Codice regista SPICS: 13306</subfield>
    <subfield code="9">47788</subfield>
  </datafield>
  <datafield tag="130" ind1=" " ind2=" ">
    <subfield code="a">EL CID</subfield>
    <subfield code="9">47789</subfield>
  </datafield>
  <datafield tag="245" ind1=" " ind2=" ">
    <subfield code="a">EL CID</subfield>
    <subfield code="c">Prodotto da: Bronston S. Prades J -- Sceneggiatura: Fabbri Diego Franchina Basilio Frank Fredric M. Yordan Philip -- Diretto da: Mann Anthony</subfield>
    <subfield code="p">EL CID (Rif. Codice opera principale : H9426)</subfield>
  </datafield>
  <datafield tag="250" ind1=" " ind2=" ">
    <subfield code="a">Edizione Standard</subfield>
  </datafield>
  <datafield tag="260" ind1=" " ind2=" ">
    <subfield code="a">SPAGNA (ITA - USA - SPA)</subfield>
    <subfield code="b">DEAR FILM - SAMUEL BRONSTON / Distribuzione: DISP</subfield>
    <subfield code="g">"1961 (1&#xB0; ed.: 2009 ; Ed. Lingua Orig.: 1961)"</subfield>
  </datafield>
  <datafield tag="300" ind1=" " ind2=" ">
    <subfield code="a">DVD</subfield>
    <subfield code="b">sonoro, col.</subfield>
    <subfield code="c">183 minuti</subfield>
  </datafield>
  <datafield tag="508" ind1=" " ind2=" ">
    <subfield code="a">"Fotografia: Krasker R. Dallamano; Montaggio: Lucidi R. Lawrence R; Musica: Rozsa Miklos; Sceneggiatura: Fabbri Diego Franchina Basilio Frank Fredric M. Yordan Philip; Scenografia: Colasnti V. Moore J.; Soggetto: Frank Frederic M. -- Fabbri Diego"</subfield>
  </datafield>
  <datafield tag="511" ind1=" " ind2=" ">
    <subfield code="a">"Heston Charlton; Loren Sophia; Vallone Raf; Page Genevieve; Fraser John; Raymond Gary"</subfield>
  </datafield>
  <datafield tag="520" ind1=" " ind2=" ">
    <subfield code="a">SPAGNA, XI SECOLO: IL GIOVANE CAVALIERE RODRIGO DIAZ DE BIVAR AMA LA BELLAJIMENA MA RISCHIA DI PERDERLA DOPO AVER UCCISO A DUELLO IL PADRE DELLA GIOVANE. ANNI DOPO RODRIGO, RIBATTEZZATO EL CID E' DIVENUTO UN VALOROSO CONDOTTIERO CHE CO CORAGGIO RESPINGERA' L'INVASIONE ARABA, PAGANDO LA SALVEZZA DEL SUO PAESE CON LA MORTE. CONTENUTI EXTRA: BIOGRAFIA DEL REGISTA E DEGLI ATTORI PRINCIPALI.</subfield>
  </datafield>
  <datafield tag="538" ind1=" " ind2=" ">
    <subfield code="a">PAL, STEREO</subfield>
  </datafield>
  <datafield tag="546" ind1=" " ind2=" ">
    <subfield code="a">ITALIANO</subfield>
  </datafield>
  <datafield tag="650" ind1=" " ind2=" ">
    <subfield code="a">DRAMMA - STORICO</subfield>
    <subfield code="e">DVD-FILM [DVD]</subfield>
    <subfield code="x">Codice MATERIA SPICS: 9947</subfield>
    <subfield code="9">47790</subfield>
  </datafield>
  <datafield tag="700" ind1=" " ind2=" ">
    <subfield code="a">Fabbri Diego </subfield>
    <subfield code="e">(soggetto)</subfield>
    <subfield code="g">Codice Soggetto 2&#xB0; SPICS: 6872</subfield>
    <subfield code="9">47791</subfield>
  </datafield>
  <datafield tag="700" ind1=" " ind2=" ">
    <subfield code="a">Frank Frederic M. </subfield>
    <subfield code="e">(soggetto)</subfield>
    <subfield code="g">Codice Soggetto SPICS: 32042</subfield>
    <subfield code="9">47792</subfield>
  </datafield>
  <datafield tag="700" ind1=" " ind2=" ">
    <subfield code="a">Mann Anthony </subfield>
    <subfield code="e">(regista)</subfield>
    <subfield code="g">Codice regista SPICS: 13306</subfield>
    <subfield code="9">47793</subfield>
  </datafield>
  <datafield tag="700" ind1=" " ind2=" ">
    <subfield code="a">Paolucci Giovanni</subfield>
    <subfield code="e">(regista)</subfield>
    <subfield code="g">Codice secondo regista SPICS: 19884</subfield>
    <subfield code="9">47794</subfield>
  </datafield>
  <datafield tag="700" ind1=" " ind2=" ">
    <subfield code="a">Rozsa Miklos</subfield>
    <subfield code="e">(musica)</subfield>
    <subfield code="g">Codice Musica SPICS: 11130</subfield>
    <subfield code="9">47795</subfield>
  </datafield>
  <datafield tag="942" ind1=" " ind2=" ">
    <subfield code="c">DV</subfield>
    <subfield code="2">ddc</subfield>
  </datafield>
  <datafield tag="999" ind1=" " ind2=" ">
    <subfield code="c">106611</subfield>
    <subfield code="d">106611</subfield>
  </datafield>
  <datafield tag="952" ind1=" " ind2=" ">
    <subfield code="0">0</subfield>
    <subfield code="1">0</subfield>
    <subfield code="4">0</subfield>
    <subfield code="6">H_9426_000000000000000</subfield>
    <subfield code="7">1</subfield>
    <subfield code="a">SPICS</subfield>
    <subfield code="b">SPICS</subfield>
    <subfield code="d">2015-01-31</subfield>
    <subfield code="l">0</subfield>
    <subfield code="o">H9426</subfield>
    <subfield code="r">2015-01-31 00:00:00</subfield>
    <subfield code="w">2015-01-31</subfield>
    <subfield code="y">DV</subfield>
    <subfield code="z">Progr. Ins.: 3875 / N.Vol.:1 / Copie: 1 / Pag.:0 / Copia rara: n.d. / date import: 1.2.2015 / By Epidotti, Trombetti, Vaglietti</subfield>
  </datafield>
</record>
